Historia general de México /

Salvato in:
Dettagli Bibliografici
Autore principale: Cosío Villegas, Daniel (coordinación)
Natura: Libro
Lingua:spagnolo
Pubblicazione: México : El Colegio de México, 1981, c1976
Tags: Aggiungi Tag
Nessun Tag, puoi essere il primo ad aggiungerne!!

MARC

LEADER 00000nam^a2200000^a^4500
001 000562630
005 20250521000000.0
009 20260310131949.623
020 |a 968-12-0135-3 
037 |a Acervo ITESO - Biblioteca 
041 |a ESP 
091 |a FGM. 01795 
100 |a Cosío Villegas, Daniel  |e (coordinación) 
245 1 0 |a Historia general de México / 
264 4 |a México :  |b El Colegio de México,  |c 1981, c1976 
300 |a 2 v. (1585 p.) 
336 |a texto  |b txt  |2 rdacontenido 
337 |a sin mediación  |b n  |2 rdamedio 
338 |a volumen  |b nc  |2 rdasoporte 
649 |a XX 
910 |a Fondo Efraín González Morfín 
920 |a Impresos - Libros 
930 |a Fondos Especiales 
905 |a 130 
901 |a 0500393669  |b IT2  |c ESL  |i D89288  |u 20250521 
901 |a 0500386183  |b IT2  |c ESL  |i D88937  |u 20250521 
902 |a https://opac.biblio.iteso.mx/vufind/Record/000562630